| 000 | 00609nam a22001937a 4500 | ||
|---|---|---|---|
| 003 | OSt | ||
| 005 | 20180116183042.0 | ||
| 008 | 160223b xxu||||| |||| 00| 0 eng d | ||
| 020 | _a11-122-90-2 | ||
| 024 | _211-122-90-2 | ||
| 040 | _cLahore University of Management Sciences | ||
| 082 | _a174.4 LUM 1990 | ||
| 100 | _aNASIM A, QURESHI U | ||
| 245 |
_aA NOTE ON NATIONAL INCOME ACCOUNTS IN PAKISTAN _cNASIM A, QURESHI U |
||
| 260 |
_aLahore _bLahore University of Management Sciences _c1990 |
||
| 300 |
_a12 p. _bPapers |
||
| 440 | _aA NOTE ON NATIONAL INCOME ACCOUNTS IN PAKISTAN | ||
| 942 |
_2ddc _cCS |
||
| 999 |
_c351287 _d351287 |
||